Воронежские епархиальные ведомости. Г.17 1882, №16 (Запись № 2448083)

Подробности
000 -МАРКЕР
контрольное поле 02831nam2a2200337 4500
001 - ИДЕНТИФИКАТОР ЗАПИСИ
контрольное поле RU\NLR\INFOCOMM17\1000375269
005 - ИДЕНТИФИКАТОР ВЕРСИИ
контрольное поле 20250617163650.0
035 ## - ДРУГИЕ СИСТЕМНЫЕ НОМЕРА
Идентификатор записи RU\NLR\DIGIT\95960
035 ## - ДРУГИЕ СИСТЕМНЫЕ НОМЕРА
Идентификатор записи (NLR Aleph) 002785929
100 ## - ДАННЫЕ ОБЩЕЙ ОБРАБОТКИ
Данные общей обработки 20040123d1882 |||y0rusy50 ca
101 0# - ЯЗЫК РЕСУРСА
Язык текста, звукозаписи и т.д. русский
102 ## - СТРАНА ПУБЛИКАЦИИ ИЛИ ПРОИЗВОДСТВА
Страна публикации Российская Федерация
105 ## - ПОЛЕ КОДИРОВАННЫХ ДАННЫХ: ТЕКСТОВЫЕ МАТЕРИАЛЫ, МОНОГРАФИЧЕСКИЕ
Кодированные данные о монографическом текстовом документе y |||||||||
135 ## - ПОЛЕ КОДИРОВАННЫХ ДАННЫХ: ЭЛЕКТРОННЫЕ РЕСУРСЫ
Кодированные данные для электронного ресурса cogo 008apabr
200 0# - ЗАГЛАВИЕ И СВЕДЕНИЯ ОБ ОТВЕТСТВЕННОСТИ
Основное заглавие Г.17 1882, №16
210 ## - ПУБЛИКАЦИЯ, РАСПРОСТРАНЕНИЕ И ДР.
Дата издания, распространения и т.д. 1882
Место издания, распространения и т.д. Б. м.
325 ## - ПРИМЕЧАНИЕ О КОПИИ
Текст примечания Копия доступна в Электрон. б-ке РНБ http://vivaldi.nlr.ru/bv000001313/open
421 #0 - ПРИЛОЖЕНИЕ
Встроенное поле 2001#$aМесяцеслов святых, всею русскою церковью или местно чтимых и указатель празднеств в честь икон божией матери и св. угодников божиих в нашем отечестве, Вып. 4 [1 отд.]$fДимитрий [Самбикин, Д.И.]
-- 210##$aВоронеж$d1881
-- 700#0$3RU\NLR\AUTH\7755934$8rus$7ca$aДимитрий$cСамбикин, Димитрий Иванович$cархиепископ$f1839-1908
-- 300##$aЭкз. деф.: отсутствуют с.65-96
-- 309##$aПрипл.
Заглавие Месяцеслов святых, всею русскою церковью или местно чтимых и указатель празднеств в честь икон божией матери и св. угодников божиих в нашем отечестве, Вып. 4 [1 отд.]
Автор Димитрий (архиепископ ; 1839-1908)
421 #0 - ПРИЛОЖЕНИЕ
Встроенное поле 2001#$aСписки воспитанников, окончивших полный курс семинарских наук в Воронежской духовной семинарии за истекшее столетие (1780-1880)$fНиколаев, А.И.
-- 700#1$aНиколаев$bА.И.
-- 210##$aВоронеж$d1882-1884
-- 309##$aПрипл.
Заглавие Списки воспитанников, окончивших полный курс семинарских наук в Воронежской духовной семинарии за истекшее столетие (1780-1880)
Автор Николаев, А.И.
461 #0 - УРОВЕНЬ НАБОРА
Встроенное поле 001RU\NLR\INFOCOMM17\1000374869
-- 2001#$aВоронежские епархиальные ведомости$vГ.17 1882, №16
Системный номер (АБИС) связанной записи 2447871
Место публикации Воронеж
Дата публикации 1866-1917
Заглавие Воронежские епархиальные ведомости
Номер тома Г.17 1882, №16
801 #1 - ИСТОЧНИК ЗАПИСИ
Страна Российская Федерация
Организация InfoComm
Дата составления 20040123
801 #0 - ИСТОЧНИК ЗАПИСИ
Страна Российская Федерация
Организация NLR
Правила каталогизации PSBO
852 ## - МЕСТОНАХОЖДЕНИЕ И ШИФР ХРАНЕНИЯ
Идентификатор организации NLR
Шифр хранения (Call Number) 5/9
942 ## - ДОПОЛНИТЕЛЬНЫЕ ЭЛЕМЕНТЫ ЗАПИСИ (АБИС)
Тип экземпляра АБИС Выпуск
980 ## - КОЛЛЕКЦИЯ
Название коллекции Национальная библиография
980 ## - КОЛЛЕКЦИЯ
Название коллекции Русская периодика
981 36 - КОЛЛЕКЦИЯ ЭЛЕКТРОННОЙ БИБЛИОТЕКИ
Название коллекции Цифровой репозиторий РНБ
981 15 - КОЛЛЕКЦИЯ ЭЛЕКТРОННОЙ БИБЛИОТЕКИ
Название коллекции Епархиальные ведомости
Название подколлекции Воронежские епархиальные ведомости

Нет доступных экземпляров.